Państwa z najwyższym średnim IQ - Statystyki

Ogólne statystyki
  • Ten quiz został rozwiązany 120 razy
  • Średni wynik to 6 z 10
Statystyki odpowiedzi
Średnie IQ Państwo % Poprawnych
106.48 Japonia
95%
104.1 Chiny
93%
102.35 Korea Południowa
83%
100.74 Niemcy
75%
105.89 Singapur
55%
106.47 Tajwan
55%
101.2 Finlandia
50%
100.74 Holandia
41%
101.07 Liechtenstein
30%
101.6 Białoruś
19%
Nie znaleziono quizów pasujących do podanych kryteriów
Rozkład punktacji
Procent ludzi z każdym wynikiem
Percentyl według liczby udzielonych odpowiedzi
Twoja historia wyników
Nie rozwiązałeś tego quizu